Central Library OPAC University of Rajshahi

A dictionary of sociology / (Record no. 2135)

MARC details
000 -LEADER
fixed length control field 00776cam a2200265 4500
001 - CONTROL NUMBER
control field 2135
003 - CONTROL NUMBER IDENTIFIER
rucl marc code BD-RjUL
005 - DATE AND TIME OF LATEST TRANSACTION
control field 20211208233505.0
008 - FIXED-LENGTH DATA ELEMENTS--GENERAL INFORMATION
fixed length control field 131210s1968 enk d 000 0 eng
020 ## - INTERNATIONAL STANDARD BOOK NUMBER
International Standard Book Number 0710029616
035 ## - SYSTEM CONTROL NUMBER
System control number (BD-RjUL)2162
040 ## - CATALOGING SOURCE
Original cataloging agency DLC
Transcribing agency DLC
Modifying agency DLC
-- BD-RjUL
Language of cataloging eng
041 ## - LANGUAGE CODE
Language code of text/sound track or separate title eng
082 00 - DEWEY DECIMAL CLASSIFICATION NUMBER
Classification number 301.03
Author mark and year DIC
100 1# - MAIN ENTRY--PERSONAL NAME
Fuller form of name (Geoffrey Duncan)
9 (RLIN) 7006
245 12 - TITLE STATEMENT
Title A dictionary of sociology /
Statement of responsibility, etc. edited by G. Duncan Mitchell.
260 ## - PUBLICATION, DISTRIBUTION, ETC. (IMPRINT)
Place of publication, distribution, etc. London,
Name of publisher, distributor, etc. Routledge & K. Paul,
Date of publication, distribution, etc. 1968.
300 ## - PHYSICAL DESCRIPTION
Pagination viii, 224 p.
Size 23 cm.
350 ## - PRICE (NR) (BK AM CF MU VM SE) [OBSOLETE]
Price 25/-
500 ## - GENERAL NOTE
General note Edition of 1979 published under title: A new dictionary of the social sciences.
650 #0 - SUBJECT ADDED ENTRY--TOPICAL TERM
Topical term or geographic name as entry element Sociology
General subdivision Dictionaries.
9 (RLIN) 7007
942 ## - ADDED ENTRY ELEMENTS (KOHA)
Source of classification or shelving scheme Dewey Decimal Classification
Koha item type Books
Holdings
Lost status Source of classification or shelving scheme Damaged status Not for loan Collection code Permanent Location Current Location Shelving location Date acquired Source of acquisition Cost, normal purchase price Total Checkouts Full call number Date last seen Date checked out Copy number Koha item type
  Dewey Decimal Classification     Non-fiction Central Library, University of Rajshahi Central Library, University of Rajshahi     Ideas 18.00 1 R 301.03 DIC 1970 25/10/2015 06/10/2015 C-5 Books
  Dewey Decimal Classification     Non-fiction Central Library, University of Rajshahi Central Library, University of Rajshahi   07/08/1973 IDEAS 18.00   R 301.03 DIC 1970 14/05/2014   C-3 Books
  Dewey Decimal Classification   Not For Loan Non-fiction Central Library, University of Rajshahi Central Library, University of Rajshahi Reading Room 07/08/1973 Ideal 18.00   R 301.03 DIC 1970 12/12/2016   C-1 Books